Vecinos gitanos / (Record no. 138526)

MARC details
000 -LEADER
campo de control de longitud fija 00660nam a2200205 4500
001 - NÚMERO DE CONTROL
campo de control 138526
003 - IDENTIFICADOR DE NÚMERO DE CONTROL
campo de control ES-MaACL
005 - FECHA Y HORA DE LA ÚLTIMA TRANSACCIÓN
campo de control 20250727032333.0
007 - CAMPO FIJO DE DESCRIPCIÓN FÍSICA--INFORMACIÓN GENERAL
campo de control de longitud fija t|
008 - DATOS DE LONGITUD FIJA--INFORMACIÓN GENERAL
campo de control de longitud fija 070214s1976 sp r ||||1| spa d
100 1# - ENTRADA PRINCIPAL--NOMBRE DE PERSONA
Nombre de persona San Román, Teresa.
9 (RLIN) 102299
245 10 - MENCIÓN DEL TÍTULO
Título Vecinos gitanos /
Mención de responsabilidad, etc. Teresa San Román ; prólogo de Carmelo Lisón Tolosana.
260 ## - PUBLICACIÓN, DISTRIBUCIÓN, ETC.
Lugar de publicación, distribución, etc. Madrid :
Nombre del editor, distribuidor, etc. Akal,
Fecha de publicación, distribución, etc. 1976.
300 ## - DESCRIPCIÓN FÍSICA
Extensión 344 p. ;
Dimensiones 22 cm.
490 1# - MENCIÓN DE SERIE
Mención de serie Manifiesto. Antropología social ;
Designación de volumen o secuencia 45
700 1# - ENTRADA AGREGADA--NOMBRE PERSONAL
Nombre de persona Lisón Tolosana, Carmelo.
9 (RLIN) 72541
830 0# - PUNTO DE ACCESO ADICIONAL DE SERIE-TÍTULO UNIFORME
Título uniforme Manifiesto. Serie antropología
Designación de volumen o secuencia 45
9 (RLIN) 232060
852 ## - LOCALIZACIÓN
Ubicación ES-MaACL
Número de control de estantería L-11902
Sublocalización o colección R.114071
Holdings
Estatus retirado Estado de pérdida Estado de daño No para préstamo Biblioteca de origen Biblioteca actual Ubicación en estantería Fecha de adquisición Fuente de adquisición Total de préstamos Signatura topográfica completa Código de barras Visto por última vez Precio de reemplazo Tipo de ítem Koha
        Biblioteca del Ateneo de Madrid Biblioteca del Ateneo de Madrid Depósito 2 17/01/2008     L-11902 1144145 23/02/2023 23/02/2023 Libro impreso